[Event "XXVI Festival A"]
[Site "Arco ITA"]
[Date "2014.10.06"]
[Round "3"]
[White "Dalla Vecchia, Paolo"]
[Black "Galas, Franco"]
[WhiteElo "1897"]
[BlackElo "1719"]
[Result "1-0"]
[PlyCount "49"]
[EventDate "2014.10.04"]

1. d4 d6 2. c4 e6 3. e4 Ne7 4. Nc3 Nd7 5. f4 g6 6. Nf3 Bg7 7. Bd2 b6 8. Be2 Bb7
9. O-O c5 10. d5 e5 11. Nb5 Qb8 12. fxe5 Nxe5 13. Bf4 f6 14. Bxe5 fxe5 15. Ng5
a6 16. Nc7+ Qxc7 17. Ne6 Qb8 18. Nxg7+ Kd7 19. Bg4+ Kd8 20. Ne6+ Ke8 21. Qf3
Bc8 22. Qf7+ Kd7 23. Rf6 Ra7 24. Nc7+ Kd8 25. Rxd6+ 1-0

[Event "XXVI Festival A"]
[Site "Arco ITA"]
[Date "2014.10.06"]
[Round "3"]
[White "De Santis, Alessio"]
[Black "Bernardi, Ruben"]
[WhiteElo "2263"]
[BlackElo "2098"]
[Result "1-0"]
[PlyCount "125"]
[EventDate "2014.10.04"]

1. c4 e5 2. Nc3 Bb4 3. Qb3 Nc6 4. e3 Nf6 5. a3 Bxc3 6. Qxc3 d5 7. cxd5 Nxd5 8.
Qc2 O-O 9. b4 a6 10. Bb2 Be6 11. Nf3 f6 12. Be2 Kh8 13. O-O Qe7 14. Rac1 Rac8
15. d4 exd4 16. Nxd4 Nxd4 17. Bxd4 Qf7 18. Bd3 Rfd8 19. Rfd1 Ne7 20. Qb1 Nc6
21. Bc3 Ba2 22. Qb2 Bb3 23. Rd2 Rd6 24. Be4 Rxd2 25. Qxd2 Rd8 26. Qe2 Bd5 27.
Bb1 Ne5 28. Qc2 g6 29. Bxe5 fxe5 30. Qc3 Re8 31. Qxc7 Qxc7 32. Rxc7 e4 33. Kf1
Bc6 34. Ke1 Re5 35. Rc8+ Kg7 36. Rd8 a5 37. Rd4 axb4 38. axb4 Kf6 39. Bc2 Re8
40. b5 Bxb5 41. Bxe4 Re7 42. Kd2 Rc7 43. f4 Ba6 44. h4 Ke6 45. Bf3 h5 46. Bd5+
Kf5 47. Be4+ Kg4 48. f5 Kxh4 49. Bxb7+ Kg3 50. Bxa6 gxf5 51. Bf1 Rc5 52. Rf4
Ra5 53. Rf3+ Kg4 54. Bd3 Ra2+ 55. Bc2 h4 56. Rxf5 Rxc2+ 57. Kxc2 Kxf5 58. Kd3
Kg4 59. Ke2 Kg3 60. Kf1 h3 61. gxh3 Kxh3 62. Ke2 Kg4 63. Kd3 1-0

[Event "XXVI Festival A"]
[Site "Arco ITA"]
[Date "2014.10.06"]
[Round "3"]
[White "Dittmar, Peter"]
[Black "Simeone, Giulio"]
[WhiteElo "2293"]
[BlackElo "1991"]
[Result "1-0"]
[PlyCount "77"]
[EventDate "2014.10.04"]

1. d4 g6 2. e4 d6 3. Nc3 Nf6 4. Nf3 Bg7 5. Be2 O-O 6. O-O c5 7. d5 Bd7 8. Re1
Na6 9. Bf1 Nc7 10. a4 Bg4 11. h3 Bxf3 12. Qxf3 Nd7 13. Bf4 Ne5 14. Qe3 Na6 15.
Bh6 Nb4 16. Bxg7 Kxg7 17. Qd2 Qc8 18. f4 Nd7 19. e5 dxe5 20. fxe5 c4 21. a5 b5
22. Kh1 Qb7 23. Re4 Nc5 24. Rh4 h5 25. Rd1 Rac8 26. Rxh5 Rh8 27. Rxh8 Rxh8 28.
Be2 Qb8 29. d6 Nd7 30. Ne4 Nc6 31. e6 fxe6 32. Ng5 Nc5 33. Qc3+ e5 34. Bf3 Nd4
35. Rxd4 Na4 36. Qd2 exd4 37. Qxd4+ Kh6 38. Ne6 Qg8 39. Qh4# 1-0

[Event "XXVI Festival A"]
[Site "Arco ITA"]
[Date "2014.10.06"]
[Round "3"]
[White "Fratini, Mauro"]
[Black "Mircoli, Filippo"]
[WhiteElo "1863"]
[BlackElo "1641"]
[Result "1/2-1/2"]
[PlyCount "52"]
[EventDate "2014.10.04"]

1. d4 Nf6 2. Nf3 g6 3. Bf4 Bg7 4. e3 O-O 5. h3 c5 6. c3 cxd4 7. exd4 d6 8. Nbd2
Nc6 9. Be2 b6 10. O-O Bb7 11. Re1 Rc8 12. Bb5 a6 13. Bf1 b5 14. a3 e6 15. Bh2
Ne7 16. Ng5 Qd7 17. Nge4 Nxe4 18. Nxe4 Bxe4 19. Rxe4 d5 20. Re1 Nc6 21. f4 f5
22. Qf3 Na5 23. Re2 Nc4 24. Rae1 Rfe8 25. g4 Nd6 26. Bg2 Ne4 1/2-1/2

[Event "XXVI Festival A"]
[Site "Arco ITA"]
[Date "2014.10.06"]
[Round "3"]
[White "Giaracuni, Claudio"]
[Black "Al Muneer, Muhammad"]
[WhiteElo "1776"]
[BlackElo "1451"]
[Result "1-0"]
[PlyCount "71"]
[EventDate "2014.10.04"]

1. d4 d5 2. c4 e6 3. cxd5 exd5 4. Nc3 c6 5. Nf3 Nf6 6. Bf4 Bd6 7. Bxd6 Qxd6 8.
e3 Bg4 9. Be2 Nbd7 10. O-O O-O 11. Rc1 Rfe8 12. h3 Bh5 13. Nh4 Bxe2 14. Qxe2
Qe6 15. Rfe1 Ne4 16. Nf3 Qg6 17. Rc2 Re6 18. Rec1 Rf6 19. Nxd5 cxd5 20. Qb5 Nf8
21. Qxb7 Re8 22. Ne5 Qf5 23. g4 Qg5 24. Rc8 Nd6 25. Rxe8 Nxe8 26. f4 Qh4 27.
Kg2 h5 28. Nf3 Rb6 29. Qxb6 Qe7 30. Qb3 Nf6 31. g5 N6h7 32. Ne5 f6 33. Qxd5+
Kh8 34. Nf7+ Kg8 35. Nh6+ Kh8 36. Qg8# 1-0

[Event "XXVI Festival A"]
[Site "Arco ITA"]
[Date "2014.10.06"]
[Round "3"]
[White "Iacchetti, Giovanni"]
[Black "Maddaloni, Giovanni"]
[WhiteElo "1714"]
[BlackElo "1617"]
[Result "1-0"]
[PlyCount "70"]
[EventDate "2014.10.04"]

1. c4 Nf6 2. g3 e5 3. Bg2 Nc6 4. Nc3 Bb4 5. Nd5 d6 6. a3 Ba5 7. b4 Bb6 8. Nxb6
axb6 9. Bb2 O-O 10. Nf3 Re8 11. O-O Bd7 12. d3 Qc8 13. b5 Nd8 14. Qc2 Bh3 15.
Rfe1 Bxg2 16. Kxg2 c5 17. e3 Ne6 18. h4 h6 19. Nd2 Qd7 20. Rad1 Rac8 21. Nf3
Ng4 22. d4 cxd4 23. exd4 Qxb5 24. cxb5 Rxc2 25. Rd2 Rec8 26. dxe5 dxe5 27. Ree2
Rxd2 28. Rxd2 Rc5 29. a4 h5 30. Nh2 Nf6 31. Rd6 Ne4 32. Rxb6 Rc2 33. Bxe5 Nxf2
34. Kf1 Nd3 35. Bd4 Ne5 1-0

[Event "XXVI Festival A"]
[Site "Arco ITA"]
[Date "2014.10.06"]
[Round "3"]
[White "Joerges, Frank"]
[Black "Zucchelli, Massimo"]
[WhiteElo "1949"]
[BlackElo "2190"]
[Result "1/2-1/2"]
[PlyCount "35"]
[EventDate "2014.10.04"]

1. d4 Nf6 2. Nf3 e6 3. c3 c5 4. Bg5 b6 5. e3 Be7 6. Nbd2 Bb7 7. Bd3 h6 8. Bh4
Nc6 9. Qe2 cxd4 10. exd4 Nd5 11. Bxe7 Qxe7 12. g3 Rc8 13. Ba6 Bxa6 14. Qxa6 O-O
15. O-O Nf6 16. Rfe1 d5 17. Ne5 Rc7 18. Re2 1/2-1/2

[Event "XXVI Festival A"]
[Site "Arco ITA"]
[Date "2014.10.06"]
[Round "3"]
[White "Kern, Beat"]
[Black "Bisignano, Giuseppe"]
[WhiteElo "1622"]
[BlackElo "1837"]
[Result "0-1"]
[PlyCount "56"]
[EventDate "2014.10.04"]

1. d4 Nf6 2. c4 e6 3. Nc3 Bb4 4. Bd2 c5 5. e3 O-O 6. a3 Bxc3 7. Bxc3 Ne4 8. Qc2
Nxc3 9. Qxc3 Qf6 10. Nf3 Nc6 11. Be2 b6 12. O-O Bb7 13. Rac1 d6 14. Rfd1 e5 15.
dxe5 dxe5 16. Rd2 Rad8 17. Rcd1 Rxd2 18. Rxd2 h6 19. Qc2 Re8 20. Qd1 e4 21. Ne1
Ne5 22. Rd6 Qg5 23. b3 f5 24. Kf1 Rf8 25. Bh5 f4 26. Re6 fxe3 27. Re8 exf2 28.
Nc2 e3 0-1

[Event "XXVI Festival A"]
[Site "Arco ITA"]
[Date "2014.10.06"]
[Round "3"]
[White "Lezzerini, Marco"]
[Black "Caruso, Augusto"]
[WhiteElo "1994"]
[BlackElo "2264"]
[Result "1/2-1/2"]
[PlyCount "30"]
[EventDate "2014.10.04"]

1. d4 e6 2. c4 Nf6 3. Nf3 b6 4. g3 Ba6 5. Nbd2 c5 6. Bg2 Bb7 7. e4 Nxe4 8. Ne5
Nc3 9. Qh5 Qc7 10. Qxf7+ Kd8 11. Bxb7 Qxb7 12. Qf3 Qxf3 13. Nexf3 Nb5 14. b3
Nxd4 15. Nxd4 cxd4 1/2-1/2

[Event "XXVI Festival A"]
[Site "Arco ITA"]
[Date "2014.10.06"]
[Round "3"]
[White "Medancic, Rikard"]
[Black "Giancotti, Eraldo"]
[WhiteElo "2202"]
[BlackElo "2086"]
[Result "1-0"]
[PlyCount "83"]
[EventDate "2014.10.04"]

1. e4 c6 2. d4 d5 3. e5 Bf5 4. Nf3 e6 5. Be2 c5 6. O-O Ne7 7. dxc5 Nec6 8. a3
Bxc5 9. b4 Be7 10. b5 Na5 11. Nbd2 Qc7 12. Bd3 Qc3 13. Rb1 Bxd3 14. cxd3 Qxd3
15. Qa4 b6 16. Re1 O-O 17. Re3 Qg6 18. Nd4 Rc8 19. Qd1 h6 20. Bb2 Nd7 21. Rc1
Bc5 22. Rg3 Qh7 23. h3 Rc7 24. Kh2 Rac8 25. Qg4 Nxe5 26. Qe2 Ng6 27. Kh1 Nf8
28. Nc6 f6 29. Bxf6 Rf7 30. Ne7+ Bxe7 31. Rxc8 Bxf6 32. Qxe6 Nb7 33. Qxd5 Nd8
34. Ne4 Be7 35. Nd6 Bxd6 36. Qxd6 Qf5 37. Rxd8 Qxb5 38. Qd4 Qb1+ 39. Kh2 Qc2
40. Qd5 g5 41. Rf3 Qc7+ 42. Rd6 1-0

[Event "XXVI Festival A"]
[Site "Arco ITA"]
[Date "2014.10.06"]
[Round "3"]
[White "Menon, Michele"]
[Black "Pistone, Salvatore"]
[WhiteElo "1703"]
[BlackElo "1561"]
[Result "0-1"]
[PlyCount "120"]
[EventDate "2014.10.04"]

1. Nf3 d5 2. g3 Nf6 3. Bg2 g6 4. b3 c5 5. Bb2 Bg7 6. e3 O-O 7. O-O Nc6 8. h3
Re8 9. d4 b6 10. Nbd2 e6 11. Rc1 Ba6 12. Re1 Rc8 13. a3 c4 14. bxc4 dxc4 15. c3
b5 16. e4 Bb7 17. Nf1 Na5 18. N3d2 e5 19. d5 Nd7 20. Ne3 Nc5 21. Bf1 Nd3 22.
Bxd3 cxd3 23. c4 bxc4 24. Ndxc4 Nxc4 25. Nxc4 Ba6 26. Nd2 Qb6 27. Bc3 Bf8 28.
Rb1 Qc7 29. Bb4 Qc2 30. Bxf8 Kxf8 31. Rc1 Qxd1 32. Rcxd1 Rc2 33. Nf3 f6 34. Rd2
Rec8 35. Kg2 Rxd2 36. Nxd2 Rc2 37. Rd1 Ke7 38. Kf3 Kd6 39. Ke3 Ra2 40. Nb1 Re2+
41. Kf3 f5 42. Nc3 Rc2 43. Nb1 fxe4+ 44. Kxe4 Re2+ 45. Kf3 e4+ 46. Kg2 e3 47.
Kf3 exf2 48. Nc3 Re1 49. Ne4+ Kxd5 50. Nxf2 Rxd1 51. Nxd1 Kd4 52. Kf2 Bc4 53.
Ke1 Ke4 54. Kf2 d2 55. Ne3 Ba6 56. h4 Kd3 57. a4 Kc3 58. g4 Kb2 59. Nd1+ Kc1
60. Nc3 d1=Q 0-1

[Event "XXVI Festival A"]
[Site "Arco ITA"]
[Date "2014.10.06"]
[Round "3"]
[White "Messina, Roberta"]
[Black "De Eccher, Stefano"]
[WhiteElo "2006"]
[BlackElo "2237"]
[Result "0-1"]
[PlyCount "104"]
[EventDate "2014.10.04"]

1. e4 c5 2. Nf3 d6 3. d4 cxd4 4. Qxd4 a6 5. c4 Nc6 6. Qd2 g6 7. b3 Bg7 8. Nc3
Nf6 9. Bb2 O-O 10. h3 Qa5 11. Rb1 b5 12. b4 Qxb4 13. a3 Qa5 14. cxb5 axb5 15.
e5 Nxe5 16. Nxe5 dxe5 17. Bxb5 Rd8 18. Qe2 Bf5 19. Rc1 Bh6 20. Rd1 Rxd1+ 21.
Qxd1 Rd8 22. Qb3 Ne4 23. O-O Nd2 24. Qb4 Qxb4 25. axb4 Nxf1 26. Bxf1 Bd2 27. g4
Bxc3 28. Bxc3 Bd3 29. Bg2 e4 30. Kh2 Bc2 31. Be5 Rd5 32. Bc7 f5 33. Bb6 f4 34.
h4 h6 35. Bh3 g5 36. hxg5 hxg5 37. Bc5 Kf7 38. Bf1 Bd3 39. Bg2 Ke6 40. Kg1 Rd8
41. Kh2 Rh8+ 42. Kg1 f3 43. Bh1 Rh4 44. Be3 Rxg4+ 45. Kh2 Kd5 46. Bc5 e6 47.
Be3 Kc4 48. Bc5 Kc3 49. Be3 Kc2 50. b5 Bxb5 51. Bb6 Kd1 52. Ba5 Ke2 0-1

[Event "XXVI Festival A"]
[Site "Arco ITA"]
[Date "2014.10.06"]
[Round "3"]
[White "Milano, Maria"]
[Black "Pretto, Aldo"]
[WhiteElo "1614"]
[BlackElo "1746"]
[Result "1/2-1/2"]
[PlyCount "81"]
[EventDate "2014.10.04"]

1. d4 d6 2. c4 e5 3. dxe5 dxe5 4. Qxd8+ Kxd8 5. Nc3 Be6 6. e4 Bb4 7. a3 Bxc3+
8. bxc3 Nc6 9. Nf3 f6 10. Be3 b6 11. Be2 Na5 12. Nd2 Ne7 13. O-O c5 14. f4 Nec6
15. f5 Bf7 16. Rab1 Kc7 17. g4 h6 18. h4 Ne7 19. Kg2 Nc8 20. g5 hxg5 21. hxg5
Nd6 22. Rh1 Naxc4 23. Nxc4 Nxc4 24. Bxc4 Bxc4 25. Rbd1 Rxh1 26. Rxh1 Rd8 27.
Rh7 Rd7 28. Kf3 Kc6 29. gxf6 gxf6 30. Rxd7 Kxd7 31. Bf2 Ke7 32. Kg4 Be2+ 33.
Kg3 Kf7 34. Be3 Bd1 35. Kf2 a5 36. Kg3 Kg7 37. Kf2 b5 38. Bxc5 Kh6 39. Be7 Kg5
40. Kg3 Bc2 41. Kf3 1/2-1/2

[Event "XXVI Festival A"]
[Site "Arco ITA"]
[Date "2014.10.06"]
[Round "3"]
[White "Moratto, Davide"]
[Black "Pipitone, Antonio"]
[WhiteElo "1796"]
[BlackElo "1955"]
[Result "0-1"]
[PlyCount "80"]
[EventDate "2014.10.04"]

1. e4 c5 2. Nf3 e6 3. d4 cxd4 4. Nxd4 Nc6 5. Nc3 a6 6. a3 d6 7. Be3 Nf6 8. Be2
Be7 9. O-O O-O 10. f4 Nxd4 11. Qxd4 Bd7 12. Rad1 Rc8 13. e5 Ne8 14. Bf3 d5 15.
Rf2 Rc6 16. Kh1 Nc7 17. Qd3 b5 18. b4 Qc8 19. Ne2 Na8 20. c3 Rc4 21. Bd4 Qc7
22. Nc1 Nb6 23. Nb3 Qb8 24. Nc5 Bxc5 25. Bxc5 Rc8 26. g3 Na4 27. Bd6 Qb6 28.
Rc2 Rxc3 29. Rxc3 Rxc3 30. Qe2 Rc4 31. f5 Nc3 32. Bc5 Qc6 33. Qd2 Nxd1 34. f6
Rxc5 35. bxc5 Qxc5 36. Bxd1 d4 37. h4 Bc6+ 38. Kh2 Qxe5 39. Qe2 Qd5 40. Kh3
gxf6 0-1

[Event "XXVI Festival A"]
[Site "Arco ITA"]
[Date "2014.10.06"]
[Round "3"]
[White "Moro, Roberto"]
[Black "Reyna Hernandez, Sandor"]
[WhiteElo "1748"]
[BlackElo "1941"]
[Result "0-1"]
[PlyCount "40"]
[EventDate "2014.10.04"]

1. e4 e6 2. d4 d5 3. exd5 exd5 4. Nf3 Bg4 5. h3 Bh5 6. Nc3 Nc6 7. Bb5 Nge7 8.
O-O a6 9. Bxc6+ Nxc6 10. Re1+ Be7 11. Be3 f6 12. g4 Bf7 13. Qd2 g5 14. a3 h5
15. Kg2 Qd7 16. Nh2 hxg4 17. Nxg4 O-O-O 18. b4 f5 19. Ne5 Nxe5 20. dxe5 f4 0-1

[Event "XXVI Festival A"]
[Site "Arco ITA"]
[Date "2014.10.06"]
[Round "3"]
[White "Morselli, Stefano"]
[Black "Vezzosi, Paolo"]
[WhiteElo "1904"]
[BlackElo "2284"]
[Result "0-1"]
[PlyCount "78"]
[EventDate "2014.10.04"]

1. Nf3 d5 2. g3 g6 3. Bg2 Bg7 4. O-O e5 5. d3 Ne7 6. c4 Nbc6 7. Qc2 O-O 8. cxd5
Nxd5 9. Nc3 Nb6 10. Bd2 Bg4 11. Qc1 Rb8 12. Bh6 Re8 13. Bxg7 Kxg7 14. Ng5 Nd4
15. f3 Bf5 16. e4 Be6 17. f4 f6 18. Nxe6+ Rxe6 19. Qd1 c6 20. Rf2 Qe7 21. Bh3
Rd6 22. Qg4 Nd7 23. Raf1 Rd8 24. Nd1 Nc5 25. Ne3 Nxd3 26. Rd2 exf4 27. Rxd3
fxe3 28. Rxe3 Nc2 29. Ref3 Qe5 30. Rf5 Qd4+ 31. Kh1 Ne3 32. Qh4 Nxf5 33. Rxf5
gxf5 34. Bxf5 Qd1+ 35. Kg2 Rd2+ 36. Kh3 Qf1+ 37. Kg4 Qe2+ 38. Kf4 Qf2+ 39. Kg4
Qxh2 0-1

[Event "XXVI Festival A"]
[Site "Arco ITA"]
[Date "2014.10.06"]
[Round "3"]
[White "Mulone, Gaspare"]
[Black "Vaccari, Giorgio"]
[WhiteElo "1554"]
[BlackElo "1712"]
[Result "0-1"]
[PlyCount "76"]
[EventDate "2014.10.04"]

1. e4 e5 2. Nf3 Nc6 3. d4 exd4 4. Nxd4 Nf6 5. Nxc6 bxc6 6. Bd3 d5 7. exd5 cxd5
8. O-O Be7 9. c3 O-O 10. f3 Bc5+ 11. Kh1 Qd6 12. Re1 Bd7 13. Be3 Bb6 14. Nd2
Rfe8 15. Bxb6 axb6 16. Nb3 Rxe1+ 17. Qxe1 Re8 18. Qd2 c5 19. Bf1 Qe5 20. Rd1
Ba4 21. Kg1 c4 22. Qd4 Qe3+ 23. Kh1 b5 24. Qxe3 Rxe3 25. Rd2 cxb3 26. axb3 Bxb3
27. Kg1 Bc4 28. Kf2 Re8 29. Bxc4 bxc4 30. Re2 Kf8 31. Rxe8+ Kxe8 32. Ke3 Ke7
33. Kd4 Kd6 34. g4 g5 35. h3 Nd7 36. Ke3 Ke5 37. h4 h6 38. f4+ gxf4+ 0-1

[Event "XXVI Festival A"]
[Site "Arco ITA"]
[Date "2014.10.06"]
[Round "3"]
[White "Naumkin, Igor"]
[Black "Huemmer, Bernd"]
[WhiteElo "2442"]
[BlackElo "2185"]
[Result "1-0"]
[PlyCount "63"]
[EventDate "2014.10.04"]

1. d4 Nf6 2. c4 e6 3. Nf3 b6 4. g3 Bb7 5. Bg2 Be7 6. Nc3 Ne4 7. Bd2 O-O 8. d5
f5 9. Qc2 Bf6 10. Nxe4 fxe4 11. Qxe4 Bxb2 12. Ng5 Rf5 13. Rb1 Rxg5 14. Rxb2 Rg6
15. Qc2 exd5 16. cxd5 Kh8 17. O-O Na6 18. h4 Qe8 19. h5 Rd6 20. h6 Bxd5 21.
hxg7+ Kxg7 22. Bxd5 Rxd5 23. Qc4 Rh5 24. Bc3+ Kf8 25. Qd4 Qf7 26. Rd1 Nc5 27.
Qg4 Qg6 28. Qf3+ Ke7 29. Qxa8 c6 30. Qh8 Qe4 31. Qf6+ Ke8 32. Qf3 1-0

[Event "XXVI Festival A"]
[Site "Arco ITA"]
[Date "2014.10.06"]
[Round "3"]
[White "Occari, Maurizio"]
[Black "Bortolotti, Silvano"]
[WhiteElo "2036"]
[BlackElo "1828"]
[Result "1-0"]
[PlyCount "41"]
[EventDate "2014.10.04"]

1. e4 b6 2. d4 Bb7 3. Bd3 Nf6 4. Nc3 e6 5. Nf3 Bb4 6. e5 Ne4 7. Bd2 Nxd2 8.
Qxd2 c5 9. a3 Ba5 10. dxc5 bxc5 11. O-O Nc6 12. Be4 a6 13. Rad1 Qe7 14. Qe3
O-O-O 15. Na4 f5 16. Bd3 Bc7 17. Rfe1 Rhe8 18. Qxc5 d6 19. exd6 Bxd6 20. Qc3 g6
21. Bxa6 1-0

[Event "XXVI Festival A"]
[Site "Arco ITA"]
[Date "2014.10.06"]
[Round "3"]
[White "Olivetti, Davide"]
[Black "Popa, Claudiu"]
[WhiteElo "1936"]
[BlackElo "2119"]
[Result "1/2-1/2"]
[PlyCount "45"]
[EventDate "2014.10.04"]

1. e4 e5 2. Nf3 Nf6 3. Bc4 Nxe4 4. Nc3 Nd6 5. Bb3 Nc6 6. O-O Be7 7. Re1 e4 8.
Nxe4 Nxe4 9. Rxe4 O-O 10. d4 d5 11. Re1 Bg4 12. c3 Bf6 13. Qd3 Ne7 14. Bf4 c6
15. Ne5 Bf5 16. Qd2 Ng6 17. Nxg6 hxg6 18. Bc2 Bxc2 19. Qxc2 Re8 20. Qd2 Qd7 21.
h3 Rxe1+ 22. Rxe1 Re8 23. Rxe8+ 1/2-1/2

[Event "XXVI Festival A"]
[Site "Arco ITA"]
[Date "2014.10.06"]
[Round "3"]
[White "Oppici, Gabriele"]
[Black "Al Hajiri, Bader"]
[WhiteElo "1987"]
[BlackElo "2130"]
[Result "0-1"]
[PlyCount "66"]
[EventDate "2014.10.04"]

1. d4 d5 2. Nf3 Nf6 3. Bf4 c5 4. e3 Nc6 5. c3 Qb6 6. Qc1 Bf5 7. Nbd2 e6 8. Nh4
Bg4 9. h3 Bh5 10. g4 Bg6 11. Nxg6 hxg6 12. Bg2 Rc8 13. dxc5 Bxc5 14. Nb3 Be7
15. O-O O-O 16. Qe1 a5 17. Rb1 a4 18. Nd2 Na5 19. Qe2 Nc4 20. Nf3 Ne4 21. Rfc1
g5 22. Bh2 Bf6 23. Bf1 a3 24. Qe1 axb2 25. Rc2 Qa5 26. Bxc4 Rxc4 27. Ne5 Rxc3
28. Rcxb2 Rfc8 29. Rxb7 Qxa2 30. Rb8 Rxb8 31. Rxb8+ Kh7 32. Rb1 Rc2 33. Nd3 Nd2
0-1

[Event "XXVI Festival A"]
[Site "Arco ITA"]
[Date "2014.10.06"]
[Round "3"]
[White "Ottaviani, Gianluca"]
[Black "Zenatto, Giuliano"]
[WhiteElo "1982"]
[BlackElo "1732"]
[Result "1-0"]
[PlyCount "45"]
[EventDate "2014.10.04"]

1. e4 c5 2. Nf3 d6 3. d4 cxd4 4. Nxd4 Nf6 5. Nc3 a6 6. Bc4 e6 7. Bb3 b5 8. O-O
Bb7 9. Re1 b4 10. Nd5 Nxd5 11. exd5 e5 12. Ba4+ Nd7 13. Nc6 Qc7 14. Nxb4 h6 15.
Nc6 Nc5 16. Nxe5+ Nxa4 17. Nc6+ Be7 18. Rxe7+ Qxe7 19. Nxe7 Kxe7 20. c4 Nc5 21.
b4 Nd7 22. Bb2 f6 23. Qg4 1-0

[Event "XXVI Festival A"]
[Site "Arco ITA"]
[Date "2014.10.06"]
[Round "3"]
[White "Paleologu, Vladimir"]
[Black "Goli, Daniele"]
[WhiteElo "2170"]
[BlackElo "1973"]
[Result "1-0"]
[PlyCount "37"]
[EventDate "2014.10.04"]

1. e4 g6 2. d4 Bg7 3. Nc3 d6 4. Be3 Nf6 5. Qd2 c6 6. Bh6 Bxh6 7. Qxh6 Qa5 8.
Bd3 Nbd7 9. Nge2 b5 10. O-O b4 11. Nd1 Qh5 12. Qd2 Ng4 13. h3 Ndf6 14. hxg4
Bxg4 15. f3 e5 16. dxe5 dxe5 17. Qxb4 Bd7 18. Ne3 Qg5 19. Qc5 1-0

[Event "XXVI Festival A"]
[Site "Arco ITA"]
[Date "2014.10.06"]
[Round "3"]
[White "Pedersen, Henrik Bolding"]
[Black "Drasko, Milan"]
[WhiteElo "2142"]
[BlackElo "2434"]
[Result "1/2-1/2"]
[PlyCount "41"]
[EventDate "2014.10.04"]

1. d4 e6 2. Nf3 Nf6 3. Bf4 b6 4. e3 Bb7 5. Nbd2 d6 6. Bd3 Nbd7 7. Qe2 h6 8. h3
Nd5 9. c3 Nxf4 10. exf4 Be7 11. O-O-O Nf6 12. Ne4 Nd5 13. g3 Qd7 14. Kb1 O-O-O
15. Ba6 f5 16. Ned2 Rde8 17. Rhe1 Bd8 18. h4 c6 19. Bxb7+ Kxb7 20. c4 Nb4 21.
a3 1/2-1/2

[Event "XXVI Festival A"]
[Site "Arco ITA"]
[Date "2014.10.06"]
[Round "3"]
[White "Rahls, Peter"]
[Black "Perman, Sergey"]
[WhiteElo "2265"]
[BlackElo "2150"]
[Result "0-1"]
[PlyCount "92"]
[EventDate "2014.10.04"]

1. e4 c5 2. c3 g6 3. d4 cxd4 4. cxd4 d5 5. e5 Nc6 6. Nc3 Bg7 7. h3 f6 8. exf6
Nxf6 9. Nf3 Bf5 10. Bb5 O-O 11. O-O Qd6 12. Bxc6 bxc6 13. Ne5 Nd7 14. f4 Nxe5
15. dxe5 Qc5+ 16. Kh1 d4 17. Ne2 Rad8 18. Ng3 Qd5 19. Nxf5 Rxf5 20. Qd3 Rdf8
21. Bd2 Bh6 22. Qg3 Bg7 23. Kg1 g5 24. fxg5 Bxe5 25. Qb3 Qxb3 26. axb3 Rxf1+
27. Rxf1 Rxf1+ 28. Kxf1 Kf7 29. Ke2 Ke6 30. g4 Kd5 31. h4 c5 32. Kf3 Bd6 33.
Ba5 e5 34. Bd8 e4+ 35. Ke2 Bf4 36. h5 d3+ 37. Kf2 e3+ 38. Kf3 e2 39. Ba5 Bxg5
40. Bc3 Bh4 41. Ke3 e1=Q+ 42. Bxe1 Bxe1 43. g5 d2 44. Ke2 Bh4 45. g6 hxg6 46.
hxg6 Bf6 0-1

[Event "XXVI Festival A"]
[Site "Arco ITA"]
[Date "2014.10.06"]
[Round "3"]
[White "Rocchetti, Marco"]
[Black "Altea, Alessandro"]
[WhiteElo "1854"]
[BlackElo "2063"]
[Result "0-1"]
[PlyCount "58"]
[EventDate "2014.10.04"]

1. d4 Nf6 2. Nf3 d5 3. Bf4 c5 4. e3 Nc6 5. c3 Qb6 6. Qb3 c4 7. Qxb6 axb6 8. Na3
Ra5 9. Bc7 Bf5 10. Nh4 Be4 11. f3 g5 12. fxe4 gxh4 13. exd5 Nxd5 14. Bf4 e5 15.
dxe5 Bxa3 16. bxa3 b5 17. Rc1 Rxa3 18. Kd2 Rxa2+ 19. Rc2 Ra1 20. Rb2 b4 21. Rc2
bxc3+ 22. Rxc3 Nxc3 23. Kxc3 b5 24. Kb2 Re1 25. h3 h5 26. e6 fxe6 27. Bg5 Rf8
28. Bxc4 Rxh1 29. Bxe6 Re1 0-1

[Event "XXVI Festival A"]
[Site "Arco ITA"]
[Date "2014.10.06"]
[Round "3"]
[White "Roversi, Stefano"]
[Black "Renzi, Marco"]
[WhiteElo "1716"]
[BlackElo "1902"]
[Result "0-1"]
[PlyCount "66"]
[EventDate "2014.10.04"]

1. e4 e5 2. Nf3 Nc6 3. Bb5 Nf6 4. O-O Bc5 5. Bxc6 dxc6 6. Nxe5 O-O 7. d3 Re8 8.
Nf3 Bg4 9. Nbd2 Qd7 10. Nc4 Qe6 11. Ne3 Bh5 12. Nf5 Rad8 13. Ng3 Bg6 14. Qe2
Bb6 15. h4 h6 16. Be3 c5 17. Nh2 Qe5 18. c3 Qe6 19. f4 Bh7 20. f5 Qd6 21. Nh5
Nxh5 22. Qxh5 Qxd3 23. Ng4 c4 24. Bxb6 cxb6 25. f6 Bg6 26. Nxh6+ Kh7 27. Qg4
Rxe4 28. Rf3 Qd2 29. Qg3 Qxh6 30. fxg7 Qxh4 31. Qc7 Qe7 32. Rh3+ Kxg7 33. Qg3
Rd3 0-1

[Event "XXVI Festival A"]
[Site "Arco ITA"]
[Date "2014.10.06"]
[Round "3"]
[White "Schaefer, Michael"]
[Black "Hilbenz, Guntram"]
[WhiteElo "2155"]
[BlackElo "1951"]
[Result "1/2-1/2"]
[PlyCount "92"]
[EventDate "2014.10.04"]

1. d4 d6 2. Nf3 Nf6 3. c4 Nbd7 4. Nc3 e5 5. Bg5 Be7 6. e3 O-O 7. Qc2 c6 8.
O-O-O Qc7 9. Bd3 Re8 10. g4 h6 11. Bxf6 Bxf6 12. h4 d5 13. Bh7+ Kh8 14. g5 e4
15. gxf6 Nxf6 16. Ne5 Kxh7 17. f3 Bf5 18. Rdf1 Rxe5 19. dxe5 Qxe5 20. fxe4 Nxe4
21. Qh2 Re8 22. Qxe5 Rxe5 23. cxd5 Nxc3 24. bxc3 Be4 25. Rh2 Bxd5 26. Kd2 b5
27. a3 g6 28. Rhf2 Kg7 29. Rf4 f5 30. a4 a6 31. axb5 axb5 32. Ra1 g5 33. hxg5
hxg5 34. Rf2 Kg6 35. Rg1 g4 36. Rh2 Be4 37. c4 b4 38. Rh8 Rc5 39. Rc1 b3 40.
Rb8 Bc2 41. Kc3 Re5 42. Re1 f4 43. Rg8+ Kf7 44. Rxg4 fxe3 45. Rg2 c5 46. Rge2
Ke6 1/2-1/2

[Event "XXVI Festival A"]
[Site "Arco ITA"]
[Date "2014.10.06"]
[Round "3"]
[White "Sprea, Giuseppe"]
[Black "Illi, Hans-Joerg"]
[WhiteElo "1938"]
[BlackElo "2127"]
[Result "1-0"]
[PlyCount "99"]
[EventDate "2014.10.04"]

1. d4 Nf6 2. c4 e6 3. Nf3 Bb4+ 4. Bd2 Qe7 5. g3 O-O 6. Bg2 Bxd2+ 7. Nbxd2 d6 8.
O-O e5 9. e4 Nc6 10. d5 Nb8 11. Ne1 Bg4 12. f3 Bc8 13. Nd3 a5 14. b3 c6 15. Qe1
b5 16. Qe3 Ba6 17. Rfd1 bxc4 18. bxc4 c5 19. Nf2 Nbd7 20. Rdb1 Rfb8 21. Nd1 Rb4
22. a3 Rbb8 23. Nc3 Rxb1+ 24. Rxb1 Rb8 25. Rxb8+ Nxb8 26. Nb5 Ne8 27. Qc3 Qd8
28. a4 Bb7 29. Nb3 Na6 30. Nxa5 Qb6 31. Nxb7 Qxb7 32. Qa5 Nac7 33. Qa7 Qxa7 34.
Nxa7 Na6 35. Nb5 Kf8 36. Bh3 Ke7 37. Bc8 Nec7 38. Kf2 Nxb5 39. cxb5 Nb4 40. b6
Kd8 41. Bb7 Nd3+ 42. Kf1 c4 43. Ke2 Nc5 44. Bc6 Nb3 45. Kd1 Kc8 46. Kc2 Na5 47.
Kc3 Kb8 48. Kb4 g6 49. Bb5 c3 50. Bd3 1-0

[Event "XXVI Festival A"]
[Site "Arco ITA"]
[Date "2014.10.06"]
[Round "3"]
[White "Sprotte, Norbert"]
[Black "Rotstein, Arkadij"]
[WhiteElo "2186"]
[BlackElo "2499"]
[Result "0-1"]
[PlyCount "108"]
[EventDate "2014.10.04"]

1. d4 g6 2. Nc3 Bg7 3. e4 c6 4. Nf3 d6 5. Be3 Nf6 6. h3 O-O 7. a4 a5 8. Be2 Na6
9. O-O Nb4 10. Qd2 e5 11. dxe5 dxe5 12. Rfd1 Qe7 13. Rac1 Nh5 14. Qd6 Qxd6 15.
Rxd6 Nf4 16. Bc4 Be6 17. Bxe6 Nxe6 18. Rd7 Rad8 19. Rxb7 Nd4 20. Ne1 f5 21. Bg5
Rb8 22. Ra7 fxe4 23. Rxa5 Nd5 24. Nxd5 cxd5 25. Rxd5 Ne2+ 26. Kf1 Ng3+ 27. Kg1
Ne2+ 28. Kf1 Nxc1 29. Bxc1 Rfd8 30. Rxd8+ Rxd8 31. Ke2 Kf7 32. Bd2 Bf8 33. b4
Ke6 34. g3 e3 35. fxe3 Kd5 36. Nd3 Rc8 37. c3 Bd6 38. Nb2 e4 39. c4+ Ke6 40. c5
Bxg3 41. Nc4 Bc7 42. a5 Rf8 43. a6 Kd5 44. Nb6+ Kc6 45. Na4 Be5 46. Nb6 Bb8 47.
Nc4 Kb5 48. a7 Bc7 49. Nd6+ Bxd6 50. cxd6 Kc6 51. Bc3 Kxd6 52. b5 Kc7 53. Be5+
Kb7 54. Bb8 Rf3 0-1